000 00789nam a22002417a 4500
999 _c216337
_d216337
005 20260225121321.0
008 260225b ||||| |||| 00| 0 eng d
020 _a9780323416900
040 _aLC
_cUNZA
_eRDA
050 _aRD 559
_bPAI 2016
245 _aPain management :
_bhand clinics /
_ceditor, Catherine Curtin; Consulting editor, Kevin C. Chung, www.hand.theclinics.com.
260 _aPhiladelphia, Pennsylvania :
_bElsevier,
_c2016.
300 _ax, 101 pages :
_billustrations.
336 _aText
337 _aUnmediated
338 _aVolume
440 _nNo. 1
_vV. 32
504 _aIncludes bibliographical references and index.
650 _aHand
_xSurgery.
700 _aCurtin, Catherine
_eeditor
700 _aChung, Kevin C.
_econsuljting editor
942 _cBOOK